| 000 | 00620nam a22001697a 4500 | ||
|---|---|---|---|
| 003 | NUST | ||
| 038 | _aNusrat Nadeem | ||
| 082 | _a200 | ||
| 100 |
_aSyed, Nida Ali _9123761 |
||
| 245 |
_aGenetic and Biochemical basis of Advanced Glycation End Products induced Micro- and Macrovascular Complications in Type 2 Diabetes Mellitus/ _cNida Ali Syed |
||
| 264 |
_aIslamabad; _bASAB NUST; _c2023. |
||
| 300 |
_a143,p; _bill; _c30,cm. |
||
| 650 |
_aPhD- Applied Biosciences _9123210 |
||
| 700 |
_aSupervisor : Prof. Dr. Attya Bhatti _9123762 |
||
| 856 | _uhttp://10.250.8.41:8080/xmlui/handle/123456789/41807 | ||
| 942 |
_2ddc _cSC |
||
| 999 |
_c609842 _d609842 |
||